1556 1683 1647 1676 1392 1067 1156 1099 1527 1169 1478 1428 1468 1050 1726 1063 1686 1563 1404 1705 1394 1091 1741 1098 1657 1287 1040 1928 1313 1560 1672 1321 1370 1690 1123 1570 1168 1067 1851 1177 1434 1643 1180 1983 1549 1532 1166 1578 1737 1311 1663 1377 1542 1740 1610 1902 1381 1518 1116 1054 1042 1885 1440 1746 1731 1036 1939 1224 1858 1875 1881 1511 1321 1824 1530 1101 1466 1782 1449 1082 1585 1573 1533 1004 1761 1858 1655 1905 1399 1412 1607 1501 1500 1979 1811 1128 1181 1919 1499 BCNSPRNW ULIB Ver.6.0+V

เปลี่ยนเป็นภาษาไทย

Change to English
 แสดงรายละเอียดบรรณานุกรม
  กลับหน้าหลัก

Brief Record : Get Marc (ISO 2709) : E-mail record : QR code < ปิดหน้าต่าง
LEADER : 00000nam 2200000uu 4500
001    13399107701
003     ULIB
008    110124s2553||||th 000 0 tha d
020    9789746725224
060 04 WM420^bท446จ 2553
100 0  ทินกร วงศ์ปการันย์
245 10 จิตบำบัด :^bทฤษฎีและเทคนิค = Psychotherapy : theoriesand techniques /^cทินกร วงศ์ปการันย์
246 31 Psychotherapy :^btheories and techniques
250    พิมพ์ครั้งที่ 2
260    เชียงใหม่:^bภาควิชาจิตเวชศาสตร์ คณะแพทยศาสตร์มหาวิทยาลัยเชียงใหม่,^c2553
300    368 หน้า :^bภาพประกอบ ;^c21 ซม.
650  7 จิตบำบัด
710 2  มหาวิทยาลัยเชียงใหม่. ^bคณะแพทยศาสตร์.^bภาควิชาจิตเวชศาสตร์
945    ^p300^l0^i029452
945    ^p300^l0^i029453
945    ^p300^l0^i029454
945    ^p300^l0^i032465
945    ^p300^l0^i032466
945    ^p300^l0^i032467
995    เกษร
999 ^a ใช้งานได้ทุกระบบ
รายการนี้ยังไม่มีแท็ก
คุณยังไม่ได้ล็อกอิน คุณสามารถมีกิจกรรมร่วมกับเว็บไซต์ได้ แต่ต้องล็อกอินก่อน ::
  ล็อกอิน

รายการสื่อสารสนเทศ

ลำดับที่ ประเภท เลขเรียก/บาร์โค้ด สถานที่ สถานะ
1. วิทยาศาสตร์การแพทย์ และสุขภาพ
หนังสือสำรอง
สถานะ=หนังสือสำรอง
WM420 ท446จ 2553 ฉ.1 
  Barcode: 029452
ห้องสมุดวิทยาเขตสวรรค์ประชารักษ์
►ส่วนจัดเก็บหนังสือเก่า สปร
บนชั้น
  ขอยืม
2. วิทยาศาสตร์การแพทย์ และสุขภาพ
วิทยาศาสตร์การแพทย์ และสุขภาพ
WM420 ท446จ 2553 ฉ.2 
  Barcode: 029453
ห้องสมุดวิทยาเขตสวรรค์ประชารักษ์
►ส่วนจัดเก็บหนังสือเก่า สปร
บนชั้น
  ขอยืม
3. วิทยาศาสตร์การแพทย์ และสุขภาพ
วิทยาศาสตร์การแพทย์ และสุขภาพ
WM420 ท446จ 2553 ฉ.3 
  Barcode: 029454
ห้องสมุดวิทยาเขตสวรรค์ประชารักษ์
►ส่วนจัดเก็บหนังสือเก่า สปร
บนชั้น
  ขอยืม
4. วิทยาศาสตร์การแพทย์ และสุขภาพ
วิทยาศาสตร์การแพทย์ และสุขภาพ
WM420 ท446จ 2553 ฉ.4 
  Barcode: 032465
ห้องสมุดวิทยาเขตสวรรค์ประชารักษ์
►ส่วนจัดเก็บหนังสือเก่า สปร
บนชั้น
  ขอยืม
5. วิทยาศาสตร์การแพทย์ และสุขภาพ
วิทยาศาสตร์การแพทย์ และสุขภาพ
WM420 ท446จ 2553 ฉ.5 
  Barcode: 032466
ห้องสมุดวิทยาเขตสวรรค์ประชารักษ์
►ส่วนจัดเก็บหนังสือเก่า สปร
บนชั้น
  ขอยืม
6. วิทยาศาสตร์การแพทย์ และสุขภาพ
วิทยาศาสตร์การแพทย์ และสุขภาพ
WM420 ท446จ 2553 ฉ.6 
  Barcode: 032467
ห้องสมุดวิทยาเขตสวรรค์ประชารักษ์
►ส่วนจัดเก็บหนังสือเก่า สปร
บนชั้น
  ขอยืม

รายการใกล้เคียง
    ผู้แต่ง [ทินกร วงศ์ปการันย์]

    หัวเรื่อง [จิตบำบัด]

BibComment


ยังไม่เคยถูกคอมเมนท์

คอมเมนท์ทรัพยากรรายการนี้
  คอมเมนท์: จิตบำบัด ทฤษฎีแล..


 Copyright 2026. Bcnsprnw @Library